OXFORD TB. OF ANESTHESIA VOL. 1&2 (Record no. 18700)

MARC details
000 -LEADER
fixed length control field 00369nam a22001577a 4500
003 - CONTROL NUMBER IDENTIFIER
control field SGT
020 ## - INTERNATIONAL STANDARD BOOK NUMBER
International Standard Book Number 978-0-19-870847-6
082 ## - DEWEY DECIMAL CLASSIFICATION NUMBER
Classification number 617.96
Item number O17H
100 ## - MAIN ENTRY--PERSONAL NAME
Personal name HARDMAN, JONATHAN G.
245 ## - TITLE STATEMENT
Title OXFORD TB. OF ANESTHESIA VOL. 1&2
250 ## - EDITION STATEMENT
Edition statement 1ST
260 ## - PUBLICATION, DISTRIBUTION, ETC. (IMPRINT)
Place of publication, distribution, etc U.K.
Name of publisher, distributor, etc OXFORD UNIVERSITY
Year of Publication 2017
300 ## - PAGE DESCRIPTION
No. of Pages 1- 807, 1569
650 ## - SUBJECT ADDED ENTRY--TOPICAL TERM
Topical term or geographic name as entry element ANESTHESIA
942 ## - ADDED ENTRY ELEMENTS (KOHA)
Source of classification or shelving scheme Dewey Decimal Classification
Koha item type Books
Holdings
Withdrawn status Lost status Source of classification or shelving scheme Damaged status Not for loan Collection code Home library Current library Shelving location Date acquired Vendor Name Cost, normal purchase price Volume Information (Serial or Books or Non-Book Material) SGTU Bill Number Total Checkouts Full call number Accession No. (Barcode) Date last seen Bill Date Koha item type
    Dewey Decimal Classification   Not For Loan MEDICAL SGT Medical Library SGT Medical Library Reference Book 02/08/2019 ABC DELHI 19995.00 VOL-1 SGTU 11141   617.96 O17H FM11583 02/08/2019 03/07/2019 Books
    Dewey Decimal Classification   Not For Loan MEDICAL SGT Medical Library SGT Medical Library Reference Book 02/08/2019 ABC DELHI   VOL. 2 SGTU 11141   617.96 O17H FM11584 02/08/2019 03/07/2019 Books